000 00645nam a2200193 a 4500
001 000003605
005 20200929150511.0
008 761007s1957 ag 001 f spa
040 _aDO-SdBNP
_bspa
_cBNPHU
082 _a813.5
_bB972t
100 1 _aBurroughs, Edgar Rice,
_d1875-1950.
_911096
245 1 0 _aTarzán y el león dorado /
_cEdgar Rice Burroughs; traducción, Natal A. Rufino.
260 _aBuenos Aires :
_bTOR,
_c1957.
300 _a221, [2] p. ;
_c18 cm.
500 _aHistoria de Tarzán de los Monos.
650 4 _aNovela estadounidense
_9262
650 4 _aLiteratura estadounidense
_9263
700 1 _aRufino, Natal A.
_etr.
_911097
999 _c3429
_d3429